[Event "Barcelona Sant Marti op-B 23rd"]
[Site "Barcelona"]
[Date "2023.07.21"]
[Round "9"]
[White "Sanchez Miguel, Jaume"]
[Black "Infiesta Aguila, Agusti"]
[Result "1/2-1/2"]
[WhiteElo "1499"]
[BlackElo "1732"]
[PlyCount "54"]
[EventDate "2023.07.13"]
[EventType "swiss"]
[EventRounds "9"]
[EventCountry "ESP"]
[SourceTitle "CBM 215 Extra"]
[Source "ChessBase"]
[SourceDate "2023.09.30"]
[SourceVersion "1"]
[SourceVersionDate "2023.09.30"]
[SourceQuality "1"]

1. e4 c6 2. d4 d5 3. exd5 cxd5 4. Bd3 Nc6 5. c3 Nf6 6. Bf4 Bg4 7. Qb3 Na5 8. Qa4+ Bd7 9. Qc2 e6 10. Nf3 Be7 11. 0-0 0-0 12. Nbd2 b5 13. a3 Nc4 14. Ne5 Nxd2 15. Qxd2 a5 16. b4 Qc7 17. Nxd7 Qxd7 18. Qe2 axb4 19. axb4 Qc6 20. Rxa8 Rxa8 21. Rc1 Ne4 22. f3 Nxc3 23. Qb2 Rc8 24. Bd2 Bf6 25. Bxc3 Bxd4+ 26. Bxd4 Qxc1+ 27. Qxc1 Rxc1+ 1/2-1/2

[Event "Barcelona Sant Marti op-B 23rd"]
[Site "Barcelona"]
[Date "2023.07.17"]
[Round "5"]
[White "Sanchez Miguel, Jaume"]
[Black "Marques Soriano, Valentin"]
[Result "1/2-1/2"]
[WhiteElo "1499"]
[BlackElo "1672"]
[PlyCount "47"]
[EventDate "2023.07.13"]
[EventType "swiss"]
[EventRounds "9"]
[EventCountry "ESP"]
[SourceTitle "CBM 215 Extra"]
[Source "ChessBase"]
[SourceDate "2023.09.30"]
[SourceVersion "1"]
[SourceVersionDate "2023.09.30"]
[SourceQuality "1"]

1. d4 d5 2. c4 c6 3. cxd5 cxd5 4. Bg5 Nf6 5. Bxf6 exf6 6. Nc3 Be6 7. e3 Be7 8. Bd3 0-0 9. Nge2 Nc6 10. Rc1 Rc8 11. 0-0 Bd6 12. Ng3 g6 13. Qf3 Kg7 14. Nce2 Nb4 15. Bb1 Qd7 16. h3 Rxc1 17. Rxc1 Rc8 18. Rd1 a6 19. Nf4 Qc7 20. Nge2 Bxf4 21. Nxf4 Qd7 22. a3 Nc6 23. Bd3 Ne7 24. Kh2 1/2-1/2

[Event "Barcelona Sant Marti op-B 23rd"]
[Site "Barcelona"]
[Date "2023.07.15"]
[Round "3"]
[White "Sanchez Miguel, Jaume"]
[Black "Fernandez Guevara, Josep Lluis"]
[Result "0-1"]
[WhiteElo "1499"]
[BlackElo "1762"]
[PlyCount "106"]
[EventDate "2023.07.13"]
[EventType "swiss"]
[EventRounds "9"]
[EventCountry "ESP"]
[SourceTitle "CBM 215 Extra"]
[Source "ChessBase"]
[SourceDate "2023.09.30"]
[SourceVersion "1"]
[SourceVersionDate "2023.09.30"]
[SourceQuality "1"]

1. d4 d5 2. c4 c6 3. Nf3 e6 4. Nc3 Nf6 5. cxd5 exd5 6. Bg5 Be7 7. e3 Qb6 8. Qc2 Be6 9. Bd3 h6 10. Bh4 Nbd7 11. 0-0 0-0 12. Ne5 Rfe8 13. f4 Nxe5 14. fxe5 Ng4 15. Bf2 Nxf2 16. Rxf2 Bg5 17. Qe2 Qc7 18. Rc1 Qd7 19. h3 f6 20. exf6 Bxf6 21. Qf3 Bg5 22. Rcf1 Qe7 23. Qh5 Kh8 24. Qg6 Bg8 25. Rf7 Qxe3+ 26. Kh1 Qxd4 27. Rxb7 Re6 28. Qf5 Rf6 29. Qd7 Rxf1+ 30. Bxf1 Qf6 31. Be2 Rd8 32. Qc7 Bh7 33. Rxa7 Re8 34. Qd7 Qe5 35. Bf3 Qe1+ 36. Kh2 Bf6 37. g3 Bd4 38. h4 Bxa7 39. Qxa7 Qd2+ 40. Kh3 Qe3 41. Qf7 Qe6+ 42. Qxe6 Rxe6 43. Bg4 Rd6 44. Ne2 g5 45. hxg5 hxg5 46. Kg2 Rf6 47. Bf3 Be4 48. Bxe4 dxe4 49. Nc3 e3 50. a4 Rf2+ 51. Kg1 Rxb2 52. Kf1 Kg7 53. Nd1 e2+ 0-1